000 00970aam a2200373 4500
005 20260527194152.0
008 150528b2009 xxu||||| |||| 00| 0 spa d
041 _aESP
082 _a004.1 B582b
245 _aLa biblia de la computación
260 _aEspaña
260 _bLexus
260 _c2009
300 _a1016 páginas
_bContiene fotografías e ilustraciones a color
490 _aTecnologías de la Información
490 _aBig Data
490 _aElectrónica
650 _aCOMPUTADORAS
650 _aSISTEMAS OPERATIVOS
650 _aPARTES DE LA COMPUTADORA
650 _aPROGRAMAS
650 _aPERIFÉRICOS
650 _aWINDOWS XP
650 _aMENÚS
650 _aEXPLORADOR DE WINDOWS
650 _aREDES DOMÉSTICAS
650 _aINTERNET EXPLORER
650 _aOUTLOOK
650 _aESCRITORIO DE WINDOWS
650 _aPANEL DE CONTROL
650 _aCORREO ELECTRÓNICO
650 _aACCESS
942 _cBK
_2ddc
999 _c2379
_d2379